000 00481nam a2200181Ia 4500
005 20250530161803.0
008 008 250505s9999 xx 000 0 eng d
020 _a9788119129676
040 _beng
_cILCL
041 _aeng
_2eng
084 _aX:9:Z2 R4
100 _aKumar, H L
245 0 _aLabour Laws Everybody Should Know
250 _a13
260 _aDelhi
_bLaw and Justice Publishing Company
_c2024
300 _axxx,438p.
942 _cTB
_2Colon Classification
999 _c1311983
_d1311983